| 000 | 01778nam a2200517 i 4500 | ||
|---|---|---|---|
| 001 | 41910 | ||
| 003 | KOSZ 005 | ||
| 005 | 20220603133125.0 | ||
| 008 | 021212s2002 pl a |001 0 pol | ||
| 015 | _aUWD 2006/20027 | ||
| 020 | _a8301136871 | ||
| 035 | _a991019942619705066 | ||
| 035 | _a(PL-WaBN)b15405722-48omnis_nlop | ||
| 035 | _ab15405722 | ||
| 035 | _a(OCoLC)749359331 | ||
| 035 | _azz2002935883 | ||
| 035 | _a(PL)b0000001540572 | ||
| 035 | _a(EXLNZ-48OMNIS_NETWORK)9910100420205606 | ||
| 040 |
_aWA N _cWA N _dKOSZ 005/HR |
||
| 041 | 1 |
_apol _heng |
|
| 046 | _k1999 | ||
| 080 | _a330.101.542 | ||
| 080 | _a(07) | ||
| 100 | 1 |
_aVarian, Hal R. _d(1947- ) _eAutor |
|
| 245 | 1 | 0 |
_aMikroekonomia : _bkurs średni - ujęcie nowoczesne / _cHal R. Varian ; przekł. Stanisław Ryszard Domański ; red. nauk. przekł. Stanisław Ryszard Domański. |
| 246 | 1 |
_iTyt. oryg.: _aIntermediate microeconomics : _ba modern approach, _f1999 |
|
| 250 | _aWyd. 3 zm. | ||
| 260 |
_aWarszawa : _bWydawnictwo Naukowe PWN, _c2002. |
||
| 300 |
_a728 s. : _bil. ; _c24 cm. |
||
| 336 |
_aTekst _btxt _2rdacontent |
||
| 337 |
_aBez urządzenia pośredniczącego _bn _2rdamedia |
||
| 338 |
_aWolumin _bnc _2rdacarrier |
||
| 380 | _aKsiążki | ||
| 388 | _a1901-2000 | ||
| 388 | _a1989-2000 | ||
| 500 | _aNa okł.: Wyd. nowe zm. | ||
| 504 | _aIndeks. | ||
| 650 | 7 |
_aMikroekonomia _2DBN |
|
| 655 | 7 |
_aPodręcznik _2DBN |
|
| 658 | _aGospodarka, ekonomia, finanse | ||
| 700 | 1 |
_aDomański, Stanisław Ryszard _d(1949- ) _eTłumaczenie |
|
| 710 | 2 |
_aWydawnictwo Naukowe PWN _4pbl |
|
| 856 |
_uhttp://koha.tu.koszalin.pl/cgi-bin/koha/opac-detail.pl?biblionumber=41910 _yKatalog online BPK |
||
| 942 |
_2UKD _cKS |
||
| 999 |
_c41910 _d41910 |
||